000 00295nam a22001217a 4500
999 _c13969
_d13969
082 _a629.89
100 _aSaeed B. Niku
245 _aIntroduction to Robotics ; Analysis, Control and Applications
250 _aSecond Edition
260 _aCalifornia
_c2010
300 _a466 pages
942 _cBK